|
|
|
|
| LEADER |
00000nas a2200000 a 4500 |
| 001 |
ssj0001795 |
| 003 |
WaSeSS |
| 005 |
20200512172242.0 |
| 006 |
m d |
| 007 |
cr n |
| 008 |
890116c19889999enkwr p s 0 a0eng |
| 010 |
|
|
|a sn 89036042
|
| 016 |
7 |
|
|a 8900488
|2 DNLM
|
| 016 |
7 |
|
|a SR0064581
|2 DNLM
|
| 022 |
|
|
|a 1756-1833
|l 0959-535X
|y 0959-8138
|
| 030 |
|
|
|a BMJOAE
|
| 032 |
|
|
|a 008614
|b USPS
|
| 035 |
|
|
|a (WaSeSS)ssj0001795
|
| 037 |
|
|
|b British Medical Association, Tavistock Square, London WC1H 9JR UK
|
| 040 |
|
|
|a NLM
|b eng
|c NLM
|d WAU
|d NST
|d NSD
|d NST
|d NSD
|d NST
|d DLC
|d OCL
|d OCLCQ
|d NLM
|d CUS
|d ZCU
|d NLGGC
|d CUS
|d EEM
|d U9S
|d EYM
|d OCLCQ
|d OCLCF
|d OCLCO
|d EUW
|d OCLCO
|d OCLCQ
|d OCLCO
|d DLC
|d OCLCO
|d OCLCA
|d SFB
|d L2U
|d WaSeSS
|
| 042 |
|
|
|a pcc
|a nsdp
|
| 050 |
|
4 |
|a R31
|
| 060 |
0 |
0 |
|a W1
|b BM98
|
| 060 |
0 |
0 |
|a Film S10542
|
| 130 |
0 |
|
|a BMJ (Clinical research ed.)
|
| 210 |
0 |
|
|a BMJ, Br. med. j.
|b (Clin. res. ed.)
|
| 222 |
|
0 |
|a BMJ. British medical journal
|b (Clinical research ed.)
|
| 245 |
1 |
0 |
|a BMJ
|h [electronic resource] :
|b British medical journal /
|c British Medical Association.
|
| 246 |
3 |
0 |
|a British medical journal
|
| 250 |
|
|
|a Clinical research [ed.].
|
| 260 |
|
|
|a London :
|b British Medical Association,
|c 1988-
|
| 310 |
|
|
|a Weekly
|
| 362 |
0 |
|
|a Vol. 297, no. 6640 (2 July 1988)-
|
| 500 |
|
|
|a Title from cover.
|
| 500 |
|
|
|a Each issue accompanied by supplement called "Classified advertisements."
|
| 506 |
|
|
|a License restrictions may limit access.
|
| 580 |
|
|
|a Published also without commercial advertisements and called "International."
|
| 588 |
|
|
|a Latest issue consulted: Vol. 304, no. 6842 (20 June 1992).
|
| 650 |
|
0 |
|a Medicine
|v Periodicals.
|
| 650 |
|
2 |
|a Medicine.
|
| 650 |
|
6 |
|a Médecine
|x Périodiques.
|
| 650 |
|
7 |
|a 44.00 medicine: general.
|0 (NL-LeOCL)077596196
|2 bcl
|
| 650 |
|
7 |
|a Médecine.
|2 eclas
|
| 650 |
|
7 |
|a Publications périodiques.
|2 eclas
|
| 650 |
|
7 |
|a Medicine.
|2 fast
|0 (OCoLC)fst01014893
|
| 650 |
1 |
7 |
|a Geneeskunde.
|2 gtt
|
| 655 |
|
0 |
|a Electronic journals.
|
| 710 |
2 |
|
|a British Medical Association.
|
| 770 |
1 |
|
|t BMA news
|x 1476-0606
|w (DLC) 2003243572
|w (OCoLC)48039867
|
| 775 |
0 |
|
|t BMJ (Academic edition)
|w (DLC) 2016210837
|w (OCoLC)906926029
|
| 775 |
1 |
|
|a cccc
|t BMJ (International ed.)
|x 0959-8146
|w (DLC) 97640199
|w (OCoLC)19008559
|
| 780 |
0 |
0 |
|t British medical journal (Clinical research edition)
|x 0267-0623
|w (DLC)sc 83009463
|w (OCoLC)9624603
|
| 850 |
|
|
|a AzTeS
|a CU-AM
|a CU-RivA
|a CU-SM
|a DNLM
|a KMK
|a MiDW-M
|a NjR
|a OrCS
|
| 856 |
4 |
0 |
|z Full text available from Research Library: 07/02/1988 to 06/26/2008
|u https://search.proquest.com/publication/2040978
|